000 00284nam a2200145Ia 4500
100 _aLasher/Cathy
942 _cBK
366 _f25
245 _aBetter thinking for better results
260 _bJaico
_c2017
082 _bLAS
300 _a270
546 _aENGLISH
999 _c33952
_d33952